| 000 | 00353nam a2200133Ia 4500 | ||
|---|---|---|---|
| 005 | 20251222142009.0 | ||
| 008 | 251222s9999||||xx |||||||||||||| ||spa|| | ||
| 020 | _a84-451-0196-X | ||
| 082 | _a770/M93/Ej.2 | ||
| 100 | _aMuggenthaler, Johannes | ||
| 245 | 0 | _aEjemplos de Amor Galante y de Amor Espiritual | |
| 264 | _bComunidad de Madrid | ||
| 942 | _cLIB | ||
| 999 |
_c10274 _d10274 |
||